| 000 | 01248cam a2200313 a 4500 | ||
|---|---|---|---|
| 001 | 15621075 | ||
| 005 | 20110414181614.0 | ||
| 008 | 090211s2010 maua 001 0 eng | ||
| 010 | _a 2009004512 | ||
| 020 | _a1934015296 | ||
| 020 | _a9781934015292 | ||
| 035 | _a(OCoLC)ocn225874152 | ||
| 040 |
_aDLC _cDLC _dBTCTA _dBAKER _dYDXCP _dC#P _dBWX _dDLC |
||
| 050 | 0 | 0 |
_aTJ163.12 _b.H44 2010 |
| 082 | 0 | 0 |
_a621 _222 _bHEG |
| 100 | 1 |
_aHegde, Ganesh S. _923399 |
|
| 245 | 1 | 0 |
_aMechatronics / _cGanesh S. Hegde. |
| 260 |
_aSudbury, Mass. : _bJones and Bartlett Publishers, 2010 _cc2010. |
||
| 300 |
_axxi, 281 p. : _bill. ; _c25 cm. + _e1 CD-ROM (4 3/4 in.) |
||
| 490 | 1 |
_aEngineering series _923400 |
|
| 500 | _aIncludes index. | ||
| 650 | 0 |
_aMechatronics. _923401 |
|
| 653 |
_bEle _cApril2011 _bMec _cApril2011 |
||
| 830 | 0 |
_aEngineering series (Sudbury, Mass.) _923402 |
|
| 942 |
_2ddc _cBB |
||
| 999 |
_c15195 _d15195 |
||